| 000 | 00620nam a22002057a 4500 | ||
|---|---|---|---|
| 005 | 20170605151315.0 | ||
| 010 | _aENG-118486 | ||
| 020 |
_a9788188769988 _c250.00 |
||
| 035 | _aEN-102018 | ||
| 037 | _bDBAD/PUB | ||
| 082 | _a240 | ||
| 100 | _a Babb,Lawrence A. | ||
| 245 |
_aUnderstanding Jainism / _cby Lawrence A. Babb |
||
| 260 |
_aMumbai _bHindi Granth Karyalay _c2016 |
||
| 270 | _a9 Hirabaug CP Tank Mumbai-400004 India | ||
| 300 |
_axi,182p _c22cm.(Hb) |
||
| 490 | _aPandit Nathuram Premi Research Series; V 27 | ||
| 505 | _aIncludes references and index | ||
| 942 |
_2ddc _cEN _h240 _mBAB |
||
| 999 |
_c140635 _d140635 |
||